00320nam a2200133Ia 45000030006000000080041000060400015000471000018000622450051000802500010001312600016001415460012001570050017001690STCL150530s9999 xx 000 0 und d aSTCLcSTCL aFritsch, F.E. aStructure and reproduction of the algae vol II aFirst bVikasc1977 aEnglish20220125170353.0